[Event "Przepiorka Memorial"]
[Site "Warsaw POL"]
[Date "1983.05.??"]
[Round "1"]
[White "Foisor, Ovidiu"]
[Black "Sznapik, Aleksander"]
[Result "1-0"]
[WhiteElo "2430"]
[BlackElo "2460"]
[EventDate "1983.05.03"]
[PlyCount "88"]

1.d4 Nf6 2.c4 g6 3.Nc3 Bg7 4.e4 d6 5.h3 O-O 6.Bg5 c5 7.d5 a6 8.a4 e6 9.Bd3
exd5 10.exd5 Nbd7 11.Nf3 Re8+ 12.Kf1 Ne5 13.Nxe5 Rxe5 14.Bf4 Re8 15.g4 Bd7
16.Kg2 b5 17.axb5 axb5 18.cxb5 h5 19.g5 Rxa1 20.Qxa1 Nh7 21.Qc1 c4 22.Bxc4
Bf5 23.Qd2 Be5 24.Be3 f6 25.Bd3 fxg5 26.Bxf5 gxf5 27.f4 gxf4 28.Bxf4 Kh8 
29.Rg1 Qh4 30.Bxe5+ dxe5 31.Kh2 e4 32.Qd4+ Nf6 33.Rg6 Rf8 34.Qe5 Qf2+ 35.
Rg2 e3 36.Ne2 Qf3 37.Qe7 Ng4+ 38.hxg4 fxg4 39.Qe5+ Kg8 40.Qg5+ Kf7 41.Qf4+
Ke7 42.Qe5+ Kd8 43.d6 Re8 44.Qc5 1-0

[Event "Przepiorka Memorial"]
[Site "Warsaw POL"]
[Date "1983.05.??"]
[Round "1"]
[White "Plachetka, Jan"]
[Black "Boensch, Uwe"]
[Result "1/2-1/2"]
[WhiteElo "2455"]
[BlackElo "2450"]
[EventDate "1983.05.03"]
[PlyCount "70"]

1.d4 Nf6 2.Nf3 d5 3.c4 e6 4.Nc3 Be7 5.Bg5 h6 6.Bxf6 Bxf6 7.cxd5 exd5 8.e3 
O-O 9.Qc2 Nc6 10.Be2 Ne7 11.O-O Bf5 12.Bd3 Bxd3 13.Qxd3 Nc8 14.b4 Nb6 15.
Nd2 Be7 16.Rab1 Qd7 17.Rfc1 Rfd8 18.h3 a6 19.Rc2 Bd6 20.a3 Qe7 21.Nb3 c6 
22.Na5 Re8 23.Ne2 Rab8 24.Nc1 Nd7 25.Qf5 g6 26.Qf3 Nf8 27.g3 Ne6 28.h4 Ng7
29.Nd3 Nf5 30.Nc5 Qc7 31.Rb3 Bxc5 32.dxc5 Qe5 33.Rd3 Re6 34.Nb3 Rf6 35.Qg2
Re8 1/2-1/2

[Event "Przepiorka Memorial"]
[Site "Warsaw POL"]
[Date "1983.05.??"]
[Round "1"]
[White "Adamski, Jan"]
[Black "Sygulski, Artur"]
[Result "1-0"]
[WhiteElo "2425"]
[BlackElo "2425"]
[EventDate "1983.05.03"]
[PlyCount "52"]

1.c4 c5 2.Nf3 Nf6 3.d4 g6 4.Nc3 Bg7 5.e4 d6 6.Be2 O-O 7.O-O Na6 8.Re1 cxd4
9.Nxd4 Nc5 10.Bf1 Qb6 11.Rb1 a5 12.Bg5 Be6 13.b3 Rfe8 14.Nxe6 Nxe6 15.Be3 
Qc6 16.Bd2 Nc5 17.f3 Nh5 18.Qc2 Ne6 19.Kh1 Qc5 20.Rbc1 Bd4 21.Nd5 Rac8 22.
Red1 Ra8 23.Qd3 g5 24.g3 h6 25.Bh3 Be5 26.Qe2 1-0

[Event "Przepiorka Memorial"]
[Site "Warsaw POL"]
[Date "1983.05.??"]
[Round "1"]
[White "Uhlmann, Wolfgang"]
[Black "Szymczak, Zbigniew"]
[Result "1-0"]
[WhiteElo "2505"]
[BlackElo "2450"]
[EventDate "1983.05.03"]
[PlyCount "60"]

1.c4 Nf6 2.Nc3 c5 3.Nf3 d5 4.cxd5 Nxd5 5.e4 Nb4 6.Bb5+ N8c6 7.d4 cxd4 8.a3
dxc3 9.Qxd8+ Kxd8 10.axb4 cxb2 11.Bxb2 f6 12.e5 Bg4 13.Bxc6 bxc6 14.Nd4 
fxe5 15.Nxc6+ Ke8 16.O-O e6 17.Rfc1 Bd6 18.b5 Bc7 19.Nxe5 Bxe5 20.Bxe5 Kf7
21.Rc7+ Kg6 22.Rxg7+ Kf5 23.f4 Rhg8 24.Rxg8 Rxg8 25.Kf2 Rc8 26.Rxa7 Rc2+ 
27.Kg3 h5 28.b6 h4+ 29.Kxh4 Rxg2 30.Re7 Ke4 1-0

[Event "Przepiorka Memorial"]
[Site "Warsaw POL"]
[Date "1983.05.??"]
[Round "2"]
[White "Georgiev, Krum"]
[Black "Skrobek, Ryszard"]
[Result "1/2-1/2"]
[WhiteElo "2440"]
[BlackElo "2420"]
[EventDate "1983.05.03"]
[PlyCount "36"]

1.e4 c5 2.Nf3 e6 3.c3 d5 4.exd5 Qxd5 5.Be2 Nf6 6.O-O Nc6 7.Na3 Be7 8.d4 
cxd4 9.Nb5 Qd8 10.Nfxd4 Nxd4 11.Qxd4 Qxd4 12.Nxd4 O-O 13.Bf4 Nd5 14.Bg3 
Bd7 15.Bf3 Bf6 16.Rad1 Ba4 17.Nb3 Rad8 18.Rfe1 b6 1/2-1/2

[Event "Przepiorka Memorial"]
[Site "Warsaw POL"]
[Date "1983.05.??"]
[Round "2"]
[White "Sznapik, Aleksander"]
[Black "Kindermann, Stefan"]
[Result "1/2-1/2"]
[WhiteElo "2460"]
[BlackElo "2440"]
[EventDate "1983.05.03"]
[PlyCount "70"]

1.e4 c5 2.Nf3 e6 3.d4 cxd4 4.Nxd4 Nf6 5.Nc3 Nc6 6.Ndb5 d6 7.Bf4 e5 8.Bg5 
a6 9.Na3 b5 10.Nd5 Be7 11.Bxf6 Bxf6 12.c3 Ne7 13.Nxf6+ gxf6 14.Qf3 f5 15.
exf5 Bxf5 16.Bd3 Be6 17.O-O d5 18.Rfd1 Ng6 19.Bxg6 hxg6 20.Qg3 Qf6 21.Nc2 
a5 22.Rd2 O-O 23.Re1 e4 24.a3 Rfc8 25.Red1 Rab8 26.h4 Kg7 27.h5 Rh8 28.
hxg6 Qxg6 29.Qxg6+ fxg6 30.Ne3 Rh5 31.Rd4 Rd8 32.Kf1 Rh1+ 33.Ke2 Rxd1 34.
Kxd1 Kf6 35.Ke2 Ke5 1/2-1/2

[Event "Przepiorka Memorial"]
[Site "Warsaw POL"]
[Date "1983.05.??"]
[Round "2"]
[White "Sydor, Andrzej"]
[Black "Uhlmann, Wolfgang"]
[Result "1/2-1/2"]
[WhiteElo "2405"]
[BlackElo "2505"]
[EventDate "1983.05.03"]
[PlyCount "79"]

1.d4 Nf6 2.Nf3 g6 3.Bf4 Bg7 4.e3 d6 5.h3 O-O 6.c4 c5 7.Nc3 Qb6 8.Qd2 Bf5 
9.Be2 Ne4 10.Nxe4 Bxe4 11.O-O cxd4 12.exd4 Bxf3 13.Bxf3 Bxd4 14.Bh6 Bg7 
15.Bxg7 Kxg7 16.Rfe1 Re8 17.Re3 Nc6 18.Rae1 Ne5 19.Bd5 Rab8 20.f4 Nd7 21.
Kh1 e6 22.Qc3+ e5 23.h4 Qd8 24.fxe5 Rxe5 25.Rf1 f6 26.Rh3 Nb6 27.Bf3 Rc8 
28.b3 d5 29.h5 gxh5 30.Bxh5 dxc4 31.Bg4 Rc7 32.Bf5 Kh8 33.bxc4 Nxc4 34.
Bxh7 Rxh7 35.Qxc4 Rxh3+ 36.gxh3 Qd5+ 37.Qxd5 Rxd5 38.Rxf6 Rd1+ 39.Kg2 Rd2+
40.Rf2 1/2-1/2

[Event "Przepiorka Memorial"]
[Site "Warsaw POL"]
[Date "1983.05.??"]
[Round "2"]
[White "Szymczak, Zbigniew"]
[Black "Plachetka, Jan"]
[Result "1/2-1/2"]
[WhiteElo "2450"]
[BlackElo "2455"]
[EventDate "1983.05.03"]
[PlyCount "35"]

1.d4 d5 2.c4 c6 3.Nf3 Nf6 4.e3 Bf5 5.Qb3 Qb6 6.c5 Qxb3 7.axb3 Nbd7 8.b4 
Bxb1 9.Rxb1 a6 10.Bd3 e6 11.O-O Be7 12.Rd1 O-O 13.Bd2 Ne4 14.Be1 f5 15.Nd2
Nxd2 16.Bxd2 e5 17.Bc3 e4 18.Be2 1/2-1/2

[Event "Przepiorka Memorial"]
[Site "Warsaw POL"]
[Date "1983.05.??"]
[Round "2"]
[White "Schmidt, Wlodzimierz"]
[Black "Foisor, Ovidiu"]
[Result "1/2-1/2"]
[WhiteElo "2450"]
[BlackElo "2430"]
[EventDate "1983.05.03"]
[PlyCount "133"]

1.d4 Nf6 2.c4 e6 3.Nf3 c5 4.d5 exd5 5.cxd5 d6 6.Nc3 g6 7.Bf4 a6 8.a4 Bg7 
9.e4 O-O 10.Be2 Bg4 11.O-O Re8 12.Nd2 Bxe2 13.Qxe2 Nh5 14.Be3 Nd7 15.g4 
Nhf6 16.f3 b5 17.axb5 axb5 18.Rxa8 Qxa8 19.Qxb5 Ne5 20.Kg2 h5 21.g5 Nfd7 
22.Qe2 Rb8 23.Nd1 Nb6 24.f4 Ned7 25.Qd3 Nc8 26.b3 Rb4 27.Nf2 Ncb6 28.Rc1 
Qa3 29.Rc2 Kh7 30.Qe2 Bd4 31.Nd3 Bxe3 32.Qxe3 Rb5 33.Nb2 Qa1 34.Qc3 Qe1 
35.Qd3 Ra5 36.Nf3 Qb1 37.Re2 Qxd3 38.Nxd3 Ra3 39.Nc1 c4 40.bxc4 Nxc4 41.
Kf2 Nc5 42.e5 dxe5 43.Nxe5 Nd6 44.Ra2 Rc3 45.Ne2 Nce4+ 46.Kg2 Rc5 47.Ng3 
Rxd5 48.Nxe4 Nxe4 49.h4 Rd2+ 50.Rxd2 Nxd2 51.Nxf7 Nc4 52.Kf3 Kg7 53.Nh6 
Nd6 54.Ke3 Nc4+ 55.Kd3 Nb2+ 56.Kd4 Nd1 57.f5 Nf2 58.f6+ Kf8 59.Ke3 Nd1+ 
60.Kf3 Nc3 61.Kf4 Nd5+ 62.Ke5 Ne3 63.Ke6 Ng2 64.Nf7 Nf4+ 65.Ke5 Ng2 66.Ke6
Nf4+ 67.Ke5 1/2-1/2

[Event "Przepiorka Memorial"]
[Site "Warsaw POL"]
[Date "1983.05.??"]
[Round "3"]
[White "Uhlmann, Wolfgang"]
[Black "Georgiev, Krum"]
[Result "0-1"]
[WhiteElo "2505"]
[BlackElo "2440"]
[EventDate "1983.05.03"]
[PlyCount "88"]

1.d4 Nf6 2.c4 g6 3.Nc3 Bg7 4.e4 d6 5.Be2 O-O 6.Bg5 c5 7.d5 b5 8.cxb5 a6 9.
a4 Qa5 10.Bd2 Qb4 11.f3 Nfd7 12.Qc1 c4 13.Nd1 Qc5 14.b6 a5 15.Qxc4 Qxc4 
16.Bxc4 Nxb6 17.Bb5 N8d7 18.Ne2 Ba6 19.Bc3 Ne5 20.Nd4 Nbc4 21.Ke2 Rfc8 22.
f4 Ng4 23.Nc6 Rc7 24.h3 Nf6 25.Kd3 Nb6 26.Bxa5 Nxa4 27.Bxc7 Bxb5+ 28.Ke3 
Nxe4 29.Kxe4 Nc5+ 30.Kf3 Rxa1 31.Nxe7+ Kh8 32.Bxd6 Nb3 33.g4 Nd2+ 34.Kg2 
Be2 35.Re1 Bxd1 36.Kg3 Bxb2 37.Bb4 Nc4 38.d6 Ba4 39.Re2 Bg7 40.Nd5 Rd1 41.
Ra2 Rd3+ 42.Kf2 Bc6 43.Ne7 Be4 44.Re2 Bf3 0-1

[Event "Przepiorka Memorial"]
[Site "Warsaw POL"]
[Date "1983.05.??"]
[Round "3"]
[White "Plachetka, Jan"]
[Black "Sydor, Andrzej"]
[Result "1/2-1/2"]
[WhiteElo "2455"]
[BlackElo "2405"]
[EventDate "1983.05.03"]
[PlyCount "38"]

1.d4 Nf6 2.c4 e6 3.Nc3 Bb4 4.e3 O-O 5.Bd3 d5 6.Nf3 Nc6 7.O-O a6 8.Qe2 dxc4
9.Bxc4 Bd6 10.Rd1 Qe8 11.e4 e5 12.Bg5 Ng4 13.h3 exd4 14.Nd5 h6 15.Bh4 Nge5
16.Bb3 Be6 17.Nxd4 Bxd5 18.Bxd5 Nxd4 19.Rxd4 Ng6 1/2-1/2

[Event "Przepiorka Memorial"]
[Site "Warsaw POL"]
[Date "1983.05.??"]
[Round "3"]
[White "Boensch, Uwe"]
[Black "Szymczak, Zbigniew"]
[Result "0-1"]
[WhiteElo "2450"]
[BlackElo "2450"]
[EventDate "1983.05.03"]
[PlyCount "80"]

1.d4 Nf6 2.c4 c5 3.d5 g6 4.Nc3 Bg7 5.e4 d6 6.Bd3 O-O 7.Nge2 e6 8.O-O exd5 
9.cxd5 Na6 10.h3 Nc7 11.a4 a6 12.Bg5 Rb8 13.f4 Qe8 14.Ng3 b5 15.Bxf6 Bxf6 
16.e5 dxe5 17.d6 Ne6 18.Nd5 Bg7 19.Nh5 f6 20.fxe5 gxh5 21.exf6 Bh6 22.Qf3 
Qf7 23.Rae1 Kh8 24.Re5 Bb7 25.Be4 Rbd8 26.Nc3 Ng5 27.Qe2 Nxe4 28.Nxe4 Bxe4
29.Qxe4 Rxd6 30.Ref5 Re8 31.Qf3 Be3+ 32.Kh1 Bd4 33.axb5 axb5 34.Qf4 Rde6 
35.b4 Be5 36.Qh6 cxb4 37.Rxh5 Rxf6 38.Rxf6 Bxf6 39.Rxb5 Bg7 40.Qc1 Qf2 0-1

[Event "Przepiorka Memorial"]
[Site "Warsaw POL"]
[Date "1983.05.??"]
[Round "3"]
[White "Adamski, Jan"]
[Black "Sznapik, Aleksander"]
[Result "1/2-1/2"]
[WhiteElo "2425"]
[BlackElo "2460"]
[EventDate "1983.05.03"]
[PlyCount "30"]

1.c4 Nf6 2.Nc3 g6 3.e4 d6 4.g3 c5 5.Bg2 Nc6 6.Nge2 Bg7 7.O-O O-O 8.d3 Bd7 
9.h3 Ne8 10.Be3 Nd4 11.Rb1 a5 12.Bg5 h6 13.Bd2 Nxe2+ 14.Qxe2 Nc7 15.a4 Ne6
1/2-1/2

[Event "Przepiorka Memorial"]
[Site "Warsaw POL"]
[Date "1983.05.??"]
[Round "4"]
[White "Georgiev, Krum"]
[Black "Plachetka, Jan"]
[Result "1/2-1/2"]
[WhiteElo "2440"]
[BlackElo "2455"]
[EventDate "1983.05.03"]
[PlyCount "24"]

1.e4 c6 2.d4 d5 3.Nd2 dxe4 4.Nxe4 Nf6 5.Nxf6+ gxf6 6.Ne2 h5 7.h4 Bg4 8.Qd3
e6 9.Bf4 Qa5+ 10.Bd2 Qc7 11.Bf4 Qa5+ 12.Bd2 1/2-1/2

[Event "Przepiorka Memorial"]
[Site "Warsaw POL"]
[Date "1983.05.??"]
[Round "4"]
[White "Sydor, Andrzej"]
[Black "Boensch, Uwe"]
[Result "1/2-1/2"]
[WhiteElo "2405"]
[BlackElo "2450"]
[EventDate "1983.05.03"]
[PlyCount "118"]

1.d4 Nf6 2.Nf3 e6 3.e3 b6 4.Bd3 Bb7 5.O-O Be7 6.c4 O-O 7.b3 c5 8.Bb2 cxd4 
9.exd4 d5 10.Nbd2 Nc6 11.Rc1 Rc8 12.Re1 Re8 13.Ne5 Bf8 14.Ndf3 Nxe5 15.
Nxe5 g6 16.c5 bxc5 17.Bb5 Re7 18.dxc5 Qa5 19.a4 a6 20.c6 Ba8 21.Bc3 Qb6 
22.Bd4 Qa5 23.b4 Qxb4 24.Bxa6 Rcc7 25.Bc5 Qa5 26.Bxe7 Bxe7 27.Bb5 Ne4 28.
Qf3 Bc5 29.Rxe4 dxe4 30.Qxe4 Bxf2+ 31.Kh1 Qd2 32.Rf1 Qd4 33.Qc2 Be3 34.Nf3
Qc5 35.Qd3 Kg7 36.Qd8 Ra7 37.Qc8 Bf4 38.g3 Be3 39.h4 Qc2 40.Qb8 f6 41.Qd6 
Bf2 42.g4 e5 43.g5 Rf7 44.gxf6+ Rxf6 45.Qxe5 h6 46.Qe7+ Rf7 47.Qe5+ Kf8 
48.Qd6+ Kg7 49.Qd2 Qxd2 50.Nxd2 Bxh4 51.Rxf7+ Kxf7 52.Nc4 Bd8 53.a5 Ke6 
54.Nb6 Kd6 55.Nxa8 Bxa5 56.Ba4 g5 57.Kg2 h5 58.Kf3 g4+ 59.Kf4 Bd8 1/2-1/2

[Event "Przepiorka Memorial"]
[Site "Warsaw POL"]
[Date "1983.05.??"]
[Round "4"]
[White "Foisor, Ovidiu"]
[Black "Kindermann, Stefan"]
[Result "0-1"]
[WhiteElo "2430"]
[BlackElo "2440"]
[EventDate "1983.05.03"]
[PlyCount "82"]

1.d4 Nf6 2.c4 e6 3.Nf3 c5 4.d5 exd5 5.cxd5 d6 6.Nc3 g6 7.Nd2 Nbd7 8.e4 Bg7
9.Be2 O-O 10.O-O Re8 11.a4 Ne5 12.Qc2 Qe7 13.b3 Bd7 14.Bb2 a6 15.a5 g5 16.
Rfe1 g4 17.Nd1 Nh5 18.g3 f5 19.Ne3 f4 20.Nec4 f3 21.Bf1 Bb5 22.Nb6 Rad8 
23.b4 Bxf1 24.Rxf1 c4 25.Rab1 Nf6 26.Bxe5 Qxe5 27.Nbxc4 Qh5 28.Kh1 Qg6 29.
Rbe1 Nxd5 30.Qb3 Qe6 31.h4 Nc7 32.Re3 Nb5 33.Nb6 Bh6 34.Nd5 Bxe3 35.Qxe3 
Qxd5 36.exd5 Rxe3 37.fxe3 Rc8 38.Ne4 Kg7 39.Nf2 Rc4 40.e4 h5 41.Re1 Nd4 
0-1

[Event "Przepiorka Memorial"]
[Site "Warsaw POL"]
[Date "1983.05.??"]
[Round "4"]
[White "Dorfman, Iosif"]
[Black "Skrobek, Ryszard"]
[Result "1-0"]
[WhiteElo "2540"]
[BlackElo "2420"]
[EventDate "1983.05.03"]
[PlyCount "82"]

1.d4 Nf6 2.Nf3 e6 3.g3 b5 4.Qd3 b4 5.Bg2 Ba6 6.Qd1 c5 7.Ne5 d5 8.c4 Bb7 9.
Qa4+ Nbd7 10.Bg5 cxd4 11.cxd5 Qc7 12.Bxf6 Qc1+ 13.Qd1 Qxd1+ 14.Kxd1 Nxf6 
15.Nxf7 Rg8 16.Ng5 e5 17.Nd2 Nxd5 18.Be4 h6 19.Ngf3 Bd6 20.Nc4 O-O-O 21.
Kd2 Rge8 22.Rhc1 Kb8 23.Na5 Ba8 24.Nc6+ Bxc6 25.Rxc6 Nf6 26.Kd3 Re7 27.h3 
Rc7 28.Rxc7 Kxc7 29.Rc1+ Kd7 30.Nd2 Ke6 31.Rc6 Nd7 32.g4 Nc5+ 33.Kc4 Na4 
34.Bc2 Nb6+ 35.Kb5 Ke7 36.Ne4 Nd5 37.Ng3 Nc7+ 38.Kc4 Kd7 39.Ba4 Ke6 40.Nf5
Ne8 41.Ra6 1-0

[Event "Przepiorka Memorial"]
[Site "Warsaw POL"]
[Date "1983.05.??"]
[Round "4"]
[White "Sznapik, Aleksander"]
[Black "Spasov, Luben"]
[Result "0-1"]
[WhiteElo "2460"]
[BlackElo "2460"]
[EventDate "1983.05.03"]
[PlyCount "76"]

1.e4 c5 2.Nf3 d6 3.d4 cxd4 4.Nxd4 Nf6 5.Nc3 a6 6.Be2 e5 7.Nb3 Be7 8.O-O 
O-O 9.a4 Be6 10.f4 exf4 11.Bxf4 Nc6 12.Kh1 Rc8 13.Nd4 Nxd4 14.Qxd4 Rc6 15.
a5 Nd7 16.Rfd1 Qc7 17.Nd5 Bxd5 18.exd5 Bf6 19.Qe4 Rc5 20.Bd3 g6 21.b4 Bxa1
22.Rxa1 Rc3 23.Re1 Ne5 24.Bh6 Qe7 25.Bxf8 Kxf8 26.Qd4 Qc7 27.h3 Kg8 28.Qh4
Qd7 29.Qd4 Qc7 30.Re2 Ra3 31.Kh2 Qc3 32.Qb6 Nxd3 33.cxd3 Qf6 34.Qe3 Kg7 
35.Qg3 h5 36.Re4 Ra1 37.Rf4 Qe5 38.h4 Rd1 0-1

[Event "Przepiorka Memorial"]
[Site "Warsaw POL"]
[Date "1983.05.??"]
[Round "5"]
[White "Adamski, Jan"]
[Black "Foisor, Ovidiu"]
[Result "1-0"]
[WhiteElo "2425"]
[BlackElo "2430"]
[EventDate "1983.05.03"]
[PlyCount "66"]

1.c4 Nf6 2.Nc3 c5 3.g3 d5 4.cxd5 Nxd5 5.Bg2 Nc7 6.Nf3 Nc6 7.O-O e5 8.a3 f6
9.d3 Be6 10.Be3 Qd7 11.Rc1 Nd4 12.Ne4 Na6 13.Bxd4 cxd4 14.e3 dxe3 15.fxe3 
Bf5 16.Nxe5 fxe5 17.Qh5+ g6 18.Nf6+ Kd8 19.Nxd7 gxh5 20.Nxf8 Rc8 21.Bxb7 
Rxc1 22.Rxc1 Nc7 23.Rf1 Bg4 24.Rf7 Ne8 25.h3 Bxh3 26.Bg2 Nd6 27.Rxa7 Bf5 
28.e4 Nc8 29.Rb7 Nd6 30.exf5 Nxb7 31.Ne6+ Kc8 32.Bxb7+ Kxb7 33.f6 1-0

[Event "Przepiorka Memorial"]
[Site "Warsaw POL"]
[Date "1983.05.??"]
[Round "5"]
[White "Boensch, Uwe"]
[Black "Georgiev, Krum"]
[Result "1/2-1/2"]
[WhiteElo "2450"]
[BlackElo "2440"]
[EventDate "1983.05.03"]
[PlyCount "32"]

1.d4 Nf6 2.Nf3 g6 3.Bf4 Bg7 4.Nbd2 O-O 5.e4 c5 6.dxc5 Qa5 7.Bd3 Na6 8.O-O 
Nxc5 9.Nb3 Qb6 10.e5 Ne8 11.Be3 d6 12.c3 Qc7 13.exd6 exd6 14.Bf4 Ne6 15.
Bg3 Bd7 16.Nfd4 Qb6 1/2-1/2

[Event "Przepiorka Memorial"]
[Site "Warsaw POL"]
[Date "1983.05.??"]
[Round "5"]
[White "Plachetka, Jan"]
[Black "Sygulski, Artur"]
[Result "1/2-1/2"]
[WhiteElo "2455"]
[BlackElo "2425"]
[EventDate "1983.05.03"]
[PlyCount "105"]

1.e4 e5 2.Nf3 Nc6 3.Bb5 a6 4.Ba4 Nf6 5.O-O Be7 6.Re1 b5 7.Bb3 O-O 8.a4 Bb7
9.d3 d6 10.Nc3 Na5 11.Ba2 b4 12.Ne2 c5 13.Ng3 Bc8 14.Bg5 b3 15.Bxb3 Nxb3 
16.cxb3 Rb8 17.Bd2 Be6 18.b4 Nd7 19.Qe2 h6 20.h3 Qb6 21.bxc5 Nxc5 22.Bc3 
Nb3 23.Rad1 Bf6 24.Nh5 Be7 25.d4 f6 26.Ng3 Rfc8 27.Nf5 Bxf5 28.exf5 Qc6 
29.dxe5 dxe5 30.Qe4 Qc4 31.Qxc4+ Rxc4 32.Rd7 Bb4 33.Red1 Bxc3 34.bxc3 Rxc3
35.Ra7 Nc5 36.Rd6 h5 37.Kh2 Rc8 38.Nh4 Rd3 39.Rb6 Rb3 40.a5 Rxb6 41.axb6 
Rb8 42.Ng6 Kh7 43.f3 Kh6 44.h4 a5 45.Ne7 a4 46.Nd5 Rd8 47.Nc3 Rb8 48.Nd5 
Rd8 49.Ne3 Rd3 50.Rc7 Rxe3 51.Rxc5 Rb3 52.Ra5 Rxb6 53.Rxa4 1/2-1/2

[Event "Przepiorka Memorial"]
[Site "Warsaw POL"]
[Date "1983.05.??"]
[Round "6"]
[White "Sygulski, Artur"]
[Black "Boensch, Uwe"]
[Result "1-0"]
[WhiteElo "2425"]
[BlackElo "2450"]
[EventDate "1983.05.03"]
[PlyCount "84"]

1.d4 Nf6 2.c4 e6 3.Nf3 d5 4.Nc3 Be7 5.e3 O-O 6.Bd3 c5 7.O-O Nc6 8.a3 a6 9.
dxc5 Bxc5 10.b4 Bd6 11.Bb2 Ne5 12.Nxe5 Bxe5 13.c5 Bc7 14.e4 d4 15.Ne2 e5 
16.Ng3 b6 17.cxb6 Bd6 18.b7 Bxb7 19.Qe2 g6 20.Bc1 Nd7 21.Qg4 Re8 22.Nf5 
Nf6 23.Nh6+ Kg7 24.Qf3 Qd7 25.Bd2 Rec8 26.Qe2 Bc6 27.f4 Bb5 28.f5 Rf8 29.
Bg5 Ng8 30.f6+ Kh8 31.Rad1 Nxh6 32.Bxh6 Rfc8 33.Rf3 Bxd3 34.Rfxd3 Qd8 35.
Bg7+ Kg8 36.Qd2 Bf8 37.Bxf8 Qxf8 38.Qg5 Re8 39.Rh3 Re6 40.Rdd3 Rc8 41.Rxh7
Kxh7 42.Rh3+ 1-0

[Event "Przepiorka Memorial"]
[Site "Warsaw POL"]
[Date "1983.05.??"]
[Round "6"]
[White "Schmidt, Wlodzimierz"]
[Black "Skrobek, Ryszard"]
[Result "1-0"]
[WhiteElo "2450"]
[BlackElo "2420"]
[EventDate "1983.05.03"]
[PlyCount "65"]

1.d4 Nf6 2.c4 e6 3.Nf3 c5 4.d5 exd5 5.cxd5 g6 6.Nc3 d6 7.Bf4 a6 8.a4 Bg7 
9.e4 Bg4 10.Be2 O-O 11.O-O Nh5 12.Bg5 Bf6 13.Be3 Nd7 14.a5 Re8 15.h3 Bxf3 
16.Bxf3 Ng7 17.Qd2 Ne5 18.Be2 g5 19.Na4 Ng6 20.Nb6 Rb8 21.Ra4 Nf4 22.Bf3 
h5 23.Bxf4 gxf4 24.b4 Bd4 25.Rb1 Qh4 26.bxc5 dxc5 27.Nc4 Re7 28.Ra3 f6 29.
Rab3 Ne8 30.Rb6 Rg7 31.Kf1 Kh8 32.Rxa6 Nc7 33.Ra7 1-0

[Event "Przepiorka Memorial"]
[Site "Warsaw POL"]
[Date "1983.05.??"]
[Round "6"]
[White "Dorfman, Iosif"]
[Black "Plachetka, Jan"]
[Result "1/2-1/2"]
[WhiteElo "2540"]
[BlackElo "2455"]
[EventDate "1983.05.03"]
[PlyCount "32"]

1.e4 c6 2.Nc3 d5 3.Nf3 Bg4 4.h3 Bxf3 5.Qxf3 e6 6.d3 Nd7 7.Be2 g6 8.h4 h5 
9.Bg5 Be7 10.Bxe7 Qxe7 11.d4 dxe4 12.Nxe4 Ngf6 13.O-O-O Nxe4 14.Qxe4 Nf6 
15.Qe5 O-O-O 16.Bf3 Rhe8 1/2-1/2

[Event "Przepiorka Memorial"]
[Site "Warsaw POL"]
[Date "1983.05.??"]
[Round "6"]
[White "Sznapik, Aleksander"]
[Black "Uhlmann, Wolfgang"]
[Result "1/2-1/2"]
[WhiteElo "2460"]
[BlackElo "2505"]
[EventDate "1983.05.03"]
[PlyCount "77"]

1.e4 e6 2.d4 d5 3.Nd2 c5 4.exd5 exd5 5.Bb5+ Bd7 6.Qe2+ Be7 7.dxc5 Nf6 8.
Nb3 O-O 9.Bg5 a6 10.Bxd7 Nbxd7 11.O-O-O Nxc5 12.Nxc5 Bxc5 13.Nh3 h6 14.
Bxf6 Qxf6 15.Rxd5 Rac8 16.Rhd1 Rfe8 17.Qd2 Bf8 18.Nf4 Rc4 19.Rd4 Rxd4 20.
Qxd4 Qxd4 21.Rxd4 Bc5 22.Rd7 Bxf2 23.Kd1 b6 24.Nd3 Bg1 25.h3 Re6 26.a4 h5 
27.b4 Rg6 28.Nf4 Rf6 29.Nd3 Rf1+ 30.Ke2 Ra1 31.Ne5 Rxa4 32.Nf3 Ra1 33.Ng5 
g6 34.Rxf7 a5 35.Ra7 Ra3 36.Rd7 axb4 37.Nh7 b3 38.Nf6+ Kf8 39.Nh7+ 1/2-1/2

[Event "Przepiorka Memorial"]
[Site "Warsaw POL"]
[Date "1983.05.??"]
[Round "7"]
[White "Skrobek, Ryszard"]
[Black "Foisor, Ovidiu"]
[Result "1/2-1/2"]
[WhiteElo "2420"]
[BlackElo "2430"]
[EventDate "1983.05.03"]
[PlyCount "30"]

1.e4 e6 2.d4 d5 3.Nc3 Bb4 4.a3 Bxc3+ 5.bxc3 dxe4 6.Qg4 Nf6 7.Qxg7 Rg8 8.
Qh6 Nbd7 9.Ne2 c5 10.Qd2 Qc7 11.c4 b6 12.Nc3 a6 13.d5 Bb7 14.Bb2 O-O-O 15.
g3 1/2-1/2

[Event "Przepiorka Memorial"]
[Site "Warsaw POL"]
[Date "1983.05.??"]
[Round "7"]
[White "Boensch, Uwe"]
[Black "Dorfman, Iosif"]
[Result "0-1"]
[WhiteElo "2450"]
[BlackElo "2540"]
[EventDate "1983.05.03"]
[PlyCount "142"]

1.e4 c5 2.Nf3 d6 3.d4 cxd4 4.Nxd4 Nf6 5.Nc3 a6 6.Bc4 e6 7.Bb3 b5 8.f3 Be7 
9.Be3 O-O 10.Qd2 Bb7 11.a4 b4 12.Nce2 Qa5 13.c3 bxc3 14.Nxc3 Nc6 15.O-O 
Nxd4 16.Qxd4 Rab8 17.Bc2 d5 18.e5 Nd7 19.Qd3 g6 20.f4 Ba8 21.Rab1 Rfd8 22.
Kh1 Nc5 23.Qd2 Nb3 24.Bxb3 Rxb3 25.Qf2 Rc8 26.Rbd1 Qb4 27.Rd2 Rc4 28.h3 
Bc6 29.Ra1 a5 30.Kh2 h5 31.Bd4 Bc5 32.Bxc5 Qxc5 33.Qh4 d4 34.Rad1 Kh7 35.
Qf6 Rb7 36.Nb5 Bxb5 37.axb5 Rd7 38.b3 Rb4 39.b6 Qxb6 40.Rc1 Qd8 41.Rd3 Rb5
42.Qxd8 Rxd8 43.Rc4 h4 44.Kh1 Rd7 45.Kg1 Rbd5 46.Kf2 g5 47.Kf3 Kg6 48.Rc8 
Kf5 49.Rh8 gxf4 50.Rxh4 Kxe5 51.Rxf4 f5 52.Rh4 Rb5 53.g4 fxg4+ 54.Rxg4 
Rf7+ 55.Ke2 Rb4 56.h4 Rf5 57.Rg8 Ke4 58.Rg4+ Ke5 59.Rdg3 a4 60.bxa4 Rxa4 
61.Rg5 Rxg5 62.Rxg5+ Kf4 63.Rg8 Ra3 64.h5 Rh3 65.Rh8 Kg5 66.Rd8 e5 67.Re8 
Kf4 68.Rh8 Ke4 69.Kf2 d3 70.Ra8 Rh2+ 71.Kg3 Rxh5 0-1

[Event "Przepiorka Memorial"]
[Site "Warsaw POL"]
[Date "1983.05.??"]
[Round "7"]
[White "Plachetka, Jan"]
[Black "Sznapik, Aleksander"]
[Result "1/2-1/2"]
[WhiteElo "2455"]
[BlackElo "2460"]
[EventDate "1983.05.03"]
[PlyCount "51"]

1.d4 Nf6 2.Nf3 g6 3.g3 Bg7 4.Bg2 O-O 5.O-O d6 6.c4 Bg4 7.Nc3 Qc8 8.Re1 c5 
9.d5 Na6 10.e4 Nc7 11.a4 Nd7 12.h3 Bxf3 13.Qxf3 b6 14.Bd2 a6 15.Rab1 b5 
16.b3 Rb8 17.axb5 axb5 18.Bf1 b4 19.Na4 e6 20.Qd1 Bd4 21.Be3 e5 22.Bh6 f5 
23.Bxf8 Qxf8 24.Qf3 Qg7 25.Bd3 f4 26.g4 1/2-1/2

[Event "Przepiorka Memorial"]
[Site "Warsaw POL"]
[Date "1983.05.??"]
[Round "7"]
[White "Uhlmann, Wolfgang"]
[Black "Schmidt, Wlodzimierz"]
[Result "1-0"]
[WhiteElo "2505"]
[BlackElo "2450"]
[EventDate "1983.05.03"]
[PlyCount "81"]

1.c4 g6 2.e4 Bg7 3.d4 d6 4.Nc3 Nf6 5.Be2 O-O 6.Bg5 c5 7.d5 h6 8.Be3 e6 9.
dxe6 Bxe6 10.Qd2 Kh7 11.h3 Nc6 12.Nf3 Qa5 13.O-O Rfd8 14.Rfd1 a6 15.Qc2 
Rac8 16.a3 Rd7 17.Rd2 Ne5 18.Rad1 Nxc4 19.Bxc4 Bxc4 20.e5 Ne8 21.Qa4 Qxa4 
22.Nxa4 Bb3 23.Nb6 Bxd1 24.Rxd1 Rcd8 25.Nxd7 Rxd7 26.Bxc5 d5 27.Kf1 Kg8 
28.Ke2 Nc7 29.Bd6 f6 30.Rc1 Ne6 31.Ke3 h5 32.Rc8+ Kf7 33.g3 Bh6+ 34.Kd3 
Nd8 35.Kd4 Nc6+ 36.Kc5 Bc1 37.Rf8+ Kg7 38.exf6+ Kh7 39.Bf4 Bxf4 40.gxf4 g5
41.Nxg5+ 1-0

[Event "Przepiorka Memorial"]
[Site "Warsaw POL"]
[Date "1983.05.??"]
[Round "7"]
[White "Sydor, Andrzej"]
[Black "Georgiev, Krum"]
[Result "1/2-1/2"]
[WhiteElo "2405"]
[BlackElo "2440"]
[EventDate "1983.05.03"]
[PlyCount "20"]

1.d4 Nf6 2.Nf3 g6 3.Bf4 Bg7 4.e3 O-O 5.Be2 d6 6.h3 c5 7.O-O Qb6 8.b3 Nc6 
9.c3 Be6 10.Bg5 cxd4 1/2-1/2

[Event "Przepiorka Memorial"]
[Site "Warsaw POL"]
[Date "1983.05.??"]
[Round "8"]
[White "Adamski, Jan"]
[Black "Spasov, Luben"]
[Result "1/2-1/2"]
[WhiteElo "2425"]
[BlackElo "2460"]
[EventDate "1983.05.03"]
[PlyCount "50"]

1.Nf3 Nf6 2.d4 e6 3.g3 b6 4.Bg2 Bb7 5.c4 Be7 6.O-O O-O 7.Nc3 Ne4 8.Bd2 d5 
9.cxd5 exd5 10.Rc1 Nd7 11.Bf4 c5 12.Nxe4 dxe4 13.Nd2 Nf6 14.dxc5 Bxc5 15.
Nb3 Be7 16.Qxd8 Rfxd8 17.Rc7 Rd7 18.Rfc1 Bd8 19.Rxd7 Nxd7 20.Nd4 Nc5 21.b4
Ne6 22.Nxe6 fxe6 23.a3 a6 24.Be5 b5 25.Bd4 1/2-1/2

[Event "Przepiorka Memorial"]
[Site "Warsaw POL"]
[Date "1983.05.??"]
[Round "8"]
[White "Sznapik, Aleksander"]
[Black "Boensch, Uwe"]
[Result "0-1"]
[WhiteElo "2460"]
[BlackElo "2450"]
[EventDate "1983.05.03"]
[PlyCount "84"]

1.e4 c5 2.Nf3 d6 3.d4 cxd4 4.Nxd4 Nf6 5.Nc3 a6 6.f4 e6 7.Be2 Be7 8.O-O O-O
9.Kh1 Qc7 10.a4 Rd8 11.Bd3 Nc6 12.Be3 Nb4 13.a5 Bd7 14.Nf3 Rdc8 15.Bb6 Qb8
16.e5 Nfd5 17.exd6 Qxd6 18.Ne4 Qb8 19.Neg5 f5 20.Bxf5 exf5 21.c3 Qd6 22.
cxb4 Nxb6 23.axb6 Qxd1 24.Rfxd1 Bc6 25.Ne6 Bxf3 26.gxf3 Rc6 27.Nc5 Rxb6 
28.Rd7 Bf8 29.Nxb7 Rxb4 30.Rc1 Rxb2 31.Nd8 Re2 32.Nf7 a5 33.Ne5 a4 34.Ra1 
a3 35.Rd3 a2 36.Nd7 Rae8 37.Rdd1 Bb4 38.Ne5 Bc3 39.Rac1 Ra8 40.Rxc3 a1=Q 
41.Rc8+ Rxc8 42.Rxa1 h6 0-1